Can you stand the heat (Record no. 311)

MARC details
000 -LEADER
fixed length control field 02139njm a2200193 a 4500
001 - CONTROL NUMBER
control field ASINB00BM6BSI4
005 - DATE AND TIME OF LATEST TRANSACTION
control field 20200421093826.0
008 - FIXED-LENGTH DATA ELEMENTS--GENERAL INFORMATION
fixed length control field 130724s2013 xxu eng d
020 ## - INTERNATIONAL STANDARD BOOK NUMBER
Terms of availability $18.89
024 1# - OTHER STANDARD IDENTIFIER
Standard number or code 725543003027
100 1# - MAIN ENTRY--PERSONAL NAME
Personal name Popovic, Ana.
245 10 - TITLE STATEMENT
Title Can you stand the heat
Medium [sound recording] /
Statement of responsibility, etc. Ana Popovic.
260 ## - PUBLICATION, DISTRIBUTION, ETC.
Place of publication, distribution, etc. [S.l.] :
Name of publisher, distributor, etc. Artistexclusive Records,
Date of publication, distribution, etc. 2013.
300 ## - PHYSICAL DESCRIPTION
Extent 1 sound disc :
Other physical details digital ;
Dimensions 4 3/4 in.
505 0# - FORMATTED CONTENTS NOTE
Title Can you stand the heat --
-- Can't you see what you're doing to me --
-- Mo' better love --
-- Object of obsession --
-- Boys' night out --
-- Hot southern night (W/lucky peterson) --
-- Every kind of people --
-- Ana's shuffle --
-- Blues for mrs. pauline/leave my boy alone --
-- Leave well enough alone aka high maintenance you --
-- Tribe --
-- Rain fall down --
-- Growing up too soon (bonus track) --
-- Mo' better love (W/tommy sims - bonus track)
520 ## - SUMMARY, ETC.
Summary, etc. Memphis, Tennessee based Ana Popovic returns with a daring studio record. An album full of 'Old School' funk and bluesy grooves, in the vein of Albert King, Albert Collins and War. Can You Stand The Heat was produced by Tony Coleman (drummer - B. B. King), co-produced by Ana and Grammy Award winner Tommy Sims. With Can You Stand The Heat , Ana Popovic follows up her 2011 two time Music Blues Award nominated album Unconditional , which reached #4 on the Billboard Blues Chart, the top 10 of Amazon's Best Blues Albums and the top 15 of Guitar World's top Blues and Roots Rock albums. Ana Popovic was born in Belgrade, formerly Yugoslavia. She quickly picked up her father's impressive blues and soul record collection, grabbed his guitar and went to work at a young age of 15. Since then, Ana has developed into a phenomenal guitarist/vocalist who tirelessly tours around the world playing major blues, jazz and rock festivals. Ana blends smoking electric funk slide guitar, jazzy instrumentals and tight blues groove with soulful feminine vocals. Her incredible stage presence makes her an irresistible force in the music world.
856 40 - ELECTRONIC LOCATION AND ACCESS
Materials specified Amazon.com
Uniform Resource Identifier <a href="http://www.amazon.com/exec/obidos/ASIN/B00BM6BSI4/chopaconline-20">http://www.amazon.com/exec/obidos/ASIN/B00BM6BSI4/chopaconline-20</a>
942 ## - ADDED ENTRY ELEMENTS (KOHA)
Source of classification or shelving scheme Dewey Decimal Classification
Koha item type Music
Holdings
Withdrawn status Lost status Damaged status Not for loan Collection Home library Current library Shelving location Date acquired Barcode Date last seen Price effective from Koha item type
        Reference Fairview Fairview Audio visual 09/04/2014 39999000013696 09/04/2014 09/04/2014 Music
        Reference Midway Midway Audio visual 09/04/2014 39999000013658 09/04/2014 09/04/2014 Music
        Reference Midway Midway Audio visual 09/04/2014 39999000013672 09/04/2014 09/04/2014 Music